| 000 | 00924cam a22002655a 4500 | ||
|---|---|---|---|
| 005 | 20161127112450.0 | ||
| 008 | 160515s2015 ii a frb 001 0 eng d | ||
| 020 | _a9789351526339 | ||
| 040 |
_aEG-ScBUE _beng _cEG-ScBUE _dEG-ScBUE |
||
| 082 | 0 | 4 |
_222 _a617.6 _bTEX |
| 245 | 0 | 0 |
_aTextbook of operative dentistry / _ceditors Nisha Garg, Amit Garg ; foreword Ibrahim Abu Tahun. |
| 250 | _a3rd ed. | ||
| 260 |
_aNew Delhi : _bThe Health Sciences Publisher, _c2015. |
||
| 300 |
_axix, 524 p. : _bill. ; _c28 cm. |
||
| 500 | _aIndex : p. [515]-524. | ||
| 504 | _aIncludes bibliographical references. | ||
| 650 | 7 |
_2BUEsh _939515 _aDentistry. |
|
| 650 | 7 |
_930617 _aDentistry, Operative. _2BUEsh |
|
| 651 | _2BUEsh | ||
| 653 |
_bDDent _cMay2016 _cNovember2016 |
||
| 700 | 1 |
_aGarg, Nisha _eeditor. _932538 |
|
| 700 | 1 |
_aGarg, Amit, _eeditor. _932541 |
|
| 700 | 1 |
_aAbu Tahun, Ibrahim, _eauthor of introduction, etc. |
|
| 942 | _2ddc | ||
| 999 |
_c21745 _d21717 |
||